| 000 | 00344nam a22001457a 4500 | ||
|---|---|---|---|
| 005 | 20250926135818.0 | ||
| 008 | 250926b |||||||| |||| 00| 0 eng d | ||
| 020 | _a8127231991 | ||
| 050 |
_aSB359 _bBAL |
||
| 100 | _aBAL J.S | ||
| 245 | _aFRUIT GROWING | ||
| 260 |
_aNEW DELHI _bKALYANI PUBLISHERS _c1997 |
||
| 300 | _a397p | ||
| 942 |
_2lcc _cBK _n0 |
||
| 999 |
_c7768 _d7768 |
||